Music publishing (Record no. 15981)

MARC details
000 -LEADER
fixed length control field 00483nam a22001577a 4500
008 - FIXED-LENGTH DATA ELEMENTS--GENERAL INFORMATION
fixed length control field 160608b xxu||||| |||| 00| 0 eng d
020 ## - INTERNATIONAL STANDARD BOOK NUMBER
International Standard Book Number 0739096871
040 ## - CATALOGING SOURCE
Original cataloging agency KABU
Transcribing agency KABU
050 ## - LIBRARY OF CONGRESS CALL NUMBER
Classification number ML3790
Item number .W56 2013 c. 1
100 ## - MAIN ENTRY--PERSONAL NAME
Personal name Winogradsky, Steve
245 ## - TITLE STATEMENT
Title Music publishing
Remainder of title the complete guide
Statement of responsibility, etc. Steve Winogradsky
260 ## - PUBLICATION, DISTRIBUTION, ETC. (IMPRINT)
Place of publication, distribution, etc. California
Name of publisher, distributor, etc. Alfred music
Date of publication, distribution, etc. 2013
300 ## - PHYSICAL DESCRIPTION
Extent x, 397 p.
650 ## - SUBJECT ADDED ENTRY--TOPICAL TERM
Topical term or geographic name as entry element Music trade
942 ## - ADDED ENTRY ELEMENTS (KOHA)
Source of classification or shelving scheme Library of Congress Classification
Koha item type General Collection
Classification part ML3790 .W56 2013 c. 1
Holdings
Withdrawn status Lost status Source of classification or shelving scheme Not for loan Home library Current library Shelving location Date acquired Cost, normal purchase price Total Checkouts Full call number Barcode Date last seen Date last checked out Copy number Price effective from Koha item type
    Library of Congress Classification   Kabarak, Main Campus Kabarak, Main Campus General Stacks 08/06/2016 7612.50 1 ML3790 .W56 2013 c. 1 026140 10/01/2020 08/12/2019 c.1 08/06/2016 General Collection
Designed with assistance from East African Informatics Ltd